000 00348 a2200133 4500
003 Nust
005 20170207164425.0
040 _cNust
245 _aWIRELESS COMMUNICATIONS (E BOOK)
_cAndrea Goldsmith
260 _aStanford University
_bCambridge University Press
_c2005
300 _a571p
500 _a(E BOOK)
650 _aTelecommunication engineering.
942 _2ddc
_cBK
999 _c208945
_d208945